Géographie - Culture Générale - Difficile #3 - Statistiques

Statistiques générales
  • Ce quiz a été pris 28 fois
  • Le résultat moyen est 7 sur 20
Statistiques - réponses
Hint Réponse % Correct
Port russe du Pacifique, longtemps fermé aux étrangers, terminus oriental du Transsibérien. Vladivostok
85%
Fleuve traversant la Mésopotamie avant de rejoindre l'Euphrate pour former le Chatt-el-Arab. Tigre
81%
Archipel européen le plus occidental d'Europe, dont l'île la plus occidentale est Flores. Açores
70%
5eme ville la plus peuplée d'Ukraine, ville industrielle clé dans la région du Donbass. Donetsk
67%
Archipel dont l'Iguane Marin est éndémique. Galapagos
52%
3ème plus grande île japonaise après Honshu et Hokkaido, au climat chaud et volcanique. Kyushu
48%
Pays abritant le Parc National Canaima, lui même abritant le célèbre Salto Angel. Venezuela
48%
Seul détroit techniquement traversable à pied si les conditions météo le permettent. Détroit de Béring
44%
Péninsule russe du Pacifique, longue de 1 200 km, concentrant plus de 160 volcans dont 29 actifs. Kamtchatka
41%
Ancien nom de la région du Donbei au nord-est de la Chine, bordant à la fois la Russie, la Mongolie et la Corée du Nord. Mandchourie
37%
Etat américain surnommé "Heart of the Dixie". Alabama
26%
Plus long fleuve Australien. Murray
26%
Capitale de Nauru, nation insulaire du Pacifique. Yaren
26%
Plus grand lac du Canada entièrement dans le pays (excluant les grands lacs). Grand lac de l'Ours
15%
Cité lacustre du Mali, construite sur des îles dans le delta intérieur du Niger, surnommée la « Venise de l'Afrique ». Djenné
7%
Parc national Namibien à la superficie plus grande qu'Israël. Etosha
7%
Région Indienne, voisine de l'Himachal Pradesh, offrant des paysages himalayens, des monastères bouddhistes et des possibilités de trekking. Ladakh
7%
Chaîne de montagne saharienne, dans le nord du Tchad, dont le plus haut sommet est le Emi Koussi (3415m). Massif du Tibesti
7%
Canal naturel séparant la Terre de Feu de l'archipel des îles Wollaston, à l'extrême sud du continent américain. Canal du Beagle
4%
Le Gondwana et la Laurasie en étaient les deux parties après la dislocation de la Pangée. Supercontinent
4%
Aucun quiz correspondant
Distribution des résultats
% des personnes avec chaque résultat
Percentile par nombre de réponses
Votre historique - résultats
Vous n’avez pas pris ce quiz